000 00460nam a2200169 4500
001 114310
003 ES-MaACL
005 20230906190126.0
007 t|
008 061121s1957 sp r ||||1| spa d
100 0 _aPallejá, Jorge de.
_988593
245 1 0 _aAl sur del Lago Tchad /
_cJorge de Pallejá.
250 _a[1ª ed.].
260 _aBarcelona :
_bJuventud,
_c1957.
300 _a191 p. 6 láms. ;
_c22 cm.
852 _aES-MaACL
_jC-12945
_bR.41299
999 _c114310
_d114310